| 000 | 00810nam a2200181 i 4500 | ||
|---|---|---|---|
| 001 | 189017 | ||
| 003 | ES-MaACL | ||
| 005 | 20251004063230.0 | ||
| 008 | 190321s1948 sp |||| | spa d | ||
| 100 | 1 |
_aFernández Galiano, Emilio, _d1885-1953 _949799 |
|
| 245 | 1 | 0 |
_aAlgunas reflexiones sobre el lenguaje biológico _b: discurso leido el... 18 de Marzo de 1948 en su recepción pública / _cpor el Excmo. Sr. D. Emilio Fernández Galiano / y contestación del Excmo. Sr. D. Angel González Palencia. |
| 260 |
_aMadrid : _b[s.n.], _c1948 ( _fGráf. Montaña) |
||
| 300 |
_a31 p. ; _c24 cm. |
||
| 594 | _aPrecede al tít.: Real Academia Española. | ||
| 700 | 1 |
_aGonzález Palencia, Ángel, _d1889-1949 _958854 |
|
| 852 |
_aES-MaACL _jK-157-8 _z.- Enc. en un vol. facticio |
||
| 999 |
_c189017 _d189017 |
||